| 000 | 00388nam a2200157Ia 4500 | ||
|---|---|---|---|
| 008 | 230917s9999||||xx |||||||||||||| ||und|| | ||
| 020 | _cRS71.87 | ||
| 040 |
_e58480 _aMAIN |
||
| 041 | _aEnglish | ||
| 082 | _a823.09 C324E | ||
| 100 | _aCecil, David | ||
| 245 | 0 | _aEarly Victorian novelists: Essays in revolution | |
| 260 |
_aLondon _bCollins _c1964 |
||
| 300 | _a254 p. | ||
| 942 | _cBK | ||
| 999 |
_c137852 _d137852 |
||